00610nai a2200157Ia 4500003000900000008004100009022002300050040001600073245004800089260008600137310001200223362002900235521006900264650002900333856009000362IN-BaIIA211028c9999 xx s 000 0 eng d a1541-4922 (Online) cIIA Library 0aIEEE Distributed Systems Onlineh[eJournal] aNew York, USAbThe Institute of Electrical and Electronics Engineers, Inc. (IEEE) aMonthly a5(1); 2004 - 9(12); 2008 bSubscribed through National Knowledge Resource Consortium (NKRC) aComputing and Processing uhttps://ieeexplore.ieee.org/servlet/opac?punumber=8968yClick Here to Access eJournal